[Event "Candidates Tournament"]
[Site "Berlin"]
[Date "2018.03.23"]
[Round "11"]
[White "Caruana, Fabiano"]
[Black "Kramnik, Vladimir"]
[Result "1/2-1/2"]
[WhiteElo "2784"]
[BlackElo "2800"]
[Annotator "Krasenkow,Michal"]
[PlyCount "79"]
[EventDate "2018.03.10"]
[EventType "tourn"]
[EventRounds "14"]
[EventCountry "GER"]
[EventCategory "22"]
[SourceTitle "CBM 184"]
[Source "ChessBase"]
[SourceDate "2018.05.16"]
[SourceVersion "1"]
[SourceVersionDate "2018.05.16"]
[SourceQuality "1"]

1. c4 e6 2. Nc3 d5 3. d4 c6 4. e4 dxe4 5. Nxe4 c5 $5 {[%mdl 512] Almost a novelty (this move had been played by a couple of rather weak players).} 6. Nxc5 Nc6 $146 {[%mdl 8]} ({Of course, after} 6... Bxc5 $6 7. dxc5 Qxd1+ 8. Kxd1 {White is better due to his bishop pair, e.g.} Nf6 9. Be2 Bd7 {1-0 (35) Hutt,A (2122)-Moas,H Villa Carlos Paz 2003} 10. Be3 {etc.}) 7. Nf3 {Simple and good.} (7. Nb3 {requires investigation. Most probably, Vladimir Kramnik planned} a5 8. a4 $140 Bb4+ 9. Bd2 Nxd4 $1 10. Bxb4 Nxb3 11. Qxb3 ({or} 11. Qxd8+ $5 Kxd8 12. Rd1+ Ke8 13. Bd6 Bd7 $13) 11... Qb6 {Black regains the piece but his b4-pawn will look vulnerable. Further analysis is required but at first glance Black should equalise.}) 7... Nxd4 8. Qxd4 Qxd4 9. Nxd4 Bxc5 {Black has regained the pawn but White keeps the initiative.} 10. Nb5 Ke7 11. Bd2 $146 {But not this way.} (11. Nc7 $142 $1 Rb8 12. Bf4 Bb4+ 13. Ke2 Bd6 14. Bxd6+ Kxd6 15. Nb5+ Kc5 (15... Ke7 16. Nxa7 Bd7 17. a4 $5) 16. Nxa7 (16. Rd1 $5 {[%csl Rc5]}) 16... Bd7 17. Ke1 {[%cal Ya7b5] and Black does not have sufficient compensation for the missing pawn.}) ({RR} 11. Nc7 Rb8 12. Bf4 Bb4+ 13. Ke2 Bd6 14. Bxd6+ Kxd6 15. Nb5+ Ke7 16. Nxa7 Bd7 17. g3 Ra8 18. Nb5 Bc6 19. Rg1 Bxb5 20. cxb5 Ra4 21. b3 Re4+ 22. Kf3 Nf6 23. Rc1 Rd8 24. Rc7+ Rd7 25. Rxd7+ Kxd7 {Vakhidov,J (2533)-Tsay,V (2285) ICC INT 2021 1-0 (46)}) ({RR} 11. Nc7 Rb8 12. Bf4 Bb4+ 13. Ke2 Bd6 14. Bxd6+ Kxd6 15. Nb5+ Ke7 16. Nxa7 Bd7 17. g3 Ra8 18. Nb5 Bc6 19. Rg1 Bxb5 20. cxb5 Ra4 21. b3 Re4+ 22. Kf3 Nf6 23. Rc1 Rd8 24. Rc7+ Rd7 25. Rxd7+ Kxd7 {Vakhidov,J (2533)-Tsay,V (2285) ICC INT 2021 1-0 (46)}) 11... Bd7 {Black now consolidates his position and equalises.} 12. b4 Bxb5 13. cxb5 Bd6 14. g3 Rc8 {After this move White gets the important c6-square for his bishop.} (14... Nf6 $5 15. Bg2 Nd5 $11) 15. Bg2 b6 16. Ke2 Nh6 17. Rac1 Nf5 18. Bc3 f6 19. f4 h5 20. Bc6 {[%csl Gc6] Now Black switches to the d-file.} Rcd8 21. a4 h4 22. Kf3 (22. g4 {was more challenging for Black:} Nh6 (22... Bxf4 {is risky as after} 23. gxf5 Bxc1 24. Rxc1 exf5 {White's bishop pair should not be underestimated, e.g.} 25. a5 g5 26. axb6 axb6 27. Be1 {(S.Grigoriants)}) 23. Kf3 Nf7 {[%cal Yg7g5]} 24. Rce1 g5 25. Bd5 e5 ({or} 25... Bxf4 26. Rxe6+ Kf8 27. Bxf6 Rxd5 28. Rhe1 Rd3+ 29. Kf2 Nh6 30. Bxh8 Nxg4+) 26. Bxf7 Kxf7 27. fxe5 fxe5 28. Bxe5 Bxb4 29. Bxh8 Bxe1 30. Rxe1 Rxh8 {- in both cases Black should not lose but he is certainly on the defending side.}) 22... hxg3 23. hxg3 Rxh1 24. Rxh1 Bb8 25. Be4 Kf7 26. Rc1 (26. a5 Nd6 27. Bc6 Nf5 $11) 26... Ne7 27. Be1 f5 28. Bb1 Rd4 {Black's counterplay is now enough for equality.} 29. Bc3 Rc4 30. Ba2 Rc8 31. Bb2 Rd8 32. Bc4 Rc8 33. Bb3 Rxc1 34. Bxc1 Bd6 35. Bd2 Nd5 36. Bxd5 exd5 37. Bc3 Be7 38. a5 Bf6 39. Bxf6 Kxf6 40. Ke3 1/2-1/2

[Event "Moscow Aeroflot op-A"]
[Site "Moscow"]
[Date "2005.02.17"]
[Round "3"]
[White "Filippov, Valerij"]
[Black "Aronian, Levon"]
[Result "1-0"]
[WhiteElo "2621"]
[BlackElo "2684"]
[Annotator "Dautov,Rustem"]
[PlyCount "63"]
[EventDate "2005.02.15"]
[EventType "swiss"]
[EventRounds "9"]
[EventCountry "RUS"]
[SourceTitle "CBM 106"]
[Source "ChessBase"]
[SourceDate "2005.06.06"]
[SourceVersion "1"]
[SourceVersionDate "2005.06.06"]
[SourceQuality "1"]

1. c4 e6 2. Nc3 d5 3. d4 Bb4 4. a3 {Die prinzipiellste Antwort. Weiß möchte mit Zugumstellung eine für ihn günstige Variante des Nimzoindisch erreichen.} Bxc3+ 5. bxc3 b6 $5 {Ein sehr seltener Zug. Aronian plant mit a6 den sofortigen Angriff auf den Bauern c4.} ({Nach} 5... Nf6 6. e3 O-O 7. cxd5 exd5 8. Bd3 c5 9. Ne2 b6 10. O-O $14 {hat Weiß eine leicht bessere Stellung aus dem Nimzoindisch und damit sein Ziel erreicht.}) ({Sehr verbreitet ist die Entwicklung} 5... Ne7 6. e3 O-O 7. Bd3 c5 8. Nf3 {, z.B.} h6 9. O-O Qc7 10. Qe2 Nd7 11. a4 Re8 12. e4 dxe4 13. Qxe4 Ng6 14. Re1 $14 {Khenkin,I-Godena,M/Ischia 1996}) 6. cxd5 (6. e3 Ba6 $11) (6. Nf3 Ba6 (6... Nf6 $5) 7. cxd5 exd5 8. Bg5 $14) ({RR} 6. Nf3 Ne7 7. Bg5 O-O 8. e3 Ba6 9. Nd2 f6 10. Bh4 c5 11. Be2 Nbc6 12. O-O Nf5 13. Bg3 Nxg3 14. hxg3 Rc8 15. Rc1 Na5 16. cxd5 Bxe2 17. Qxe2 exd5 18. Rfd1 Re8 19. Qb5 c4 20. Rb1 Rc7 {Keymer,V (2558)-Maghsoodloo,P (2676) Europe Echecs INT 2020 0-1 (66)}) 6... exd5 7. c4 $146 {Ein zweischneidiges Bauernopfer. Zu seinem Läuferpaar bekommt Weiß ein mobiles Bauernzentrum.} (7. e3 $5) ({RR} 7. g3 Nf6 8. Bg2 Ba6 9. Nh3 O-O 10. O-O Re8 11. Re1 h6 12. f3 Bb7 13. Nf2 Nc6 14. g4 Na5 15. g5 hxg5 16. Bxg5 Qd6 17. e4 Nh5 18. e5 Qg6 19. Bc1 Bc8 20. Ra2 Bf5 21. Ng4 Nc4 {Albay,K (1796)-Yilmaz,M (2622) Izmir 2016 0-1 (46)}) ({RR} 7. e3 Nf6 8. Bd3 O-O 9. Ne2 Re8 10. O-O Nbd7 11. f3 Nf8 12. Ng3 h5 13. Qe2 h4 14. Nh1 c5 15. Qf2 Nh5 16. Bb2 c4 17. Bc2 a6 18. Rae1 Bd7 19. Bc1 Ng6 20. Bxg6 fxg6 21. e4 Qf6 {Verma,S (2191)-Stone,A (2118) London ENG 2024 1-0 (53)}) ({RR} 7. e3 Ne7 8. Bd3 O-O 9. Ne2 Bf5 10. O-O c5 11. Bxf5 Nxf5 12. Nf4 Ne7 13. a4 c4 14. Ba3 Nbc6 15. e4 dxe4 16. d5 Na5 17. d6 Ng6 18. Nxg6 fxg6 19. Qd5+ Kh8 20. d7 Rg8 21. Rad1 Qc7 {Alonso Rosell,A (2442)-Gual Pascual,A (2447) Lleida 2009 1-0}) 7... dxc4 8. e4 $5 ({Sicherer, aber ungefährlicher für Schwarz ist} 8. Qa4+ c6 9. Qxc4 Ba6 10. Qc3 Nf6 {, und Schwarz wird dank seinem Entwicklungsvorsprung keine Sorgen haben, z.B.,} 11. Nf3 O-O 12. Bg5 Ne4 13. Bxd8 Nxc3 $11) 8... Ba6 {Besser war m.E. das konsequente Halten des Mehrbauern mittels 8...b5.} (8... b5 9. a4 c6 10. Nf3 (10. axb5 cxb5 11. Qh5 Qxd4 12. Qxb5+ Bd7 $15) 10... Nf6 $13) 9. Nf3 Nf6 10. Qc2 c5 $2 {[%mdl 512] Auch hier war 10...b5 angezeigt. Mit dem Textzug plant Aronian ein Figurenopfer, das sich als unzureichend erweisen wird.} (10... b5 $1 11. a4 c6 12. axb5 (12. Be2 O-O 13. e5 Nd5 14. Ng5 g6 $13) 12... cxb5 13. Ba3 Qa5+ 14. Nd2 Nc6 (14... b4 $2 15. Bb2 $16) 15. Bb2 Qb6 $13) 11. e5 cxd4 $2 (11... Nd5 $142 12. Bxc4 Bxc4 13. Qxc4 cxd4 14. Nxd4 O-O 15. O-O Qd7 $14) 12. exf6 O-O 13. Bxc4 Re8+ 14. Kd1 Qxf6 15. Qa4 $16 {Schwarz hat eindeutig nicht genug für das geopferte Material, zumal seine Figuren nicht einmal besser entwickelt sind. Der weiße König fühlt sich recht sicher auf d1.} Rc8 (15... b5 16. Bxb5 Bxb5 17. Qxb5 Nc6 18. Ra2 Rab8 19. Qd3 $16) 16. Re1 b5 17. Bxb5 Bb7 18. Bb2 Nd7 $6 (18... Bxf3+ 19. gxf3 Qxf3+ 20. Be2 Qf5 (20... Qxf2 21. Qxd4 $18) 21. Rc1 $16) 19. Bxd4 (19. Qxd4 Bxf3+ 20. gxf3 Qxf3+ 21. Kd2 Nf6 22. Bd3 $18) 19... Bxf3+ 20. gxf3 Qxf3+ 21. Be2 $18 Qd5 22. Rg1 Ne5 23. Ke1 g6 24. Rd1 Qe4 25. Qb3 Re8 26. Kf1 Red8 27. Qe3 Qxe3 28. Bxe3 Rxd1+ 29. Bxd1 Nc4 30. Bc1 Rd8 31. Be2 Rc8 32. Rg3 1-0

[Event "EU-ch 12th"]
[Site "Aix les Bains"]
[Date "2011.03.28"]
[Round "7"]
[White "Jakovenko, Dmitrij"]
[Black "Grigoryan, Avetik"]
[Result "1-0"]
[WhiteElo "2718"]
[BlackElo "2608"]
[Annotator "Krasenkow,Michal"]
[PlyCount "79"]
[EventDate "2011.03.22"]
[EventType "swiss"]
[EventRounds "11"]
[EventCountry "FRA"]
[SourceTitle "CBM 142 Extra"]
[Source "ChessBase"]
[SourceDate "2011.06.27"]
[SourceVersion "1"]
[SourceVersionDate "2011.06.27"]
[SourceQuality "1"]

1. c4 c6 2. Nf3 d5 3. d4 e6 4. Nc3 dxc4 5. a4 Bb4 6. e3 b5 7. Bd2 Bb7 8. axb5 Bxc3 9. Bxc3 cxb5 10. b3 a5 11. bxc4 b4 12. Bb2 Nf6 13. Bd3 O-O 14. O-O Nbd7 15. Nd2 Qc7 16. f3 {A relatively new move.} (16. f4 a4 $1 {is good for Black} 17. Rxa4 $140 $4 Qc6) 16... e5 (16... Bc6 17. Bc2 Nb6 18. e4 Rfd8 {1/2 Touzane,O (2382)-Curtacci,S/Internet 2001/CBM 085 ext (69)} 19. Rf2 $14) 17. Kh1 Rfe8 (17... exd4 18. exd4 Ra6 19. d5 $1 {[%cal Gb2g7,Gd3h7]} Nc5 20. Bc2 Nfd7 21. f4 Re8 22. Qg4 Nf6 23. Rae1 (23. Qg3 $142 $16) 23... Rxe1 24. Rxe1 Ncd7 25. Qf5 {1-0 Ganguly,S (2650)-Delchev,A (2623)/Khanty Mansiysk 2010/CBM 139 (36)} g6 26. Qd3 a4 $132) ({RR} 17... exd4 18. exd4 Ra6 19. d5 Nc5 20. Bc2 Nfd7 21. f4 Re8 22. Qg4 Nf6 23. Rae1 Rxe1 24. Rxe1 Ncd7 25. Qf5 Nf8 26. Ba4 Qc5 27. Qe5 Qf2 28. Re2 Qh4 29. Nf3 Qg4 30. Qb8 Qc8 31. Qxc8 Bxc8 32. Bxf6 {Ganguly,S (2650)-Delchev,A (2623) Khanty-Mansiysk 2010 1-0 (36)}) 18. Qc2 (18. Bc2 $143 {is too passive and yields Black the initiative:} exd4 19. exd4 Nb6 20. Rc1 a4 21. d5 b3 22. Bb1 Nbd7 23. Bd4 Ba6 24. f4 Qd6 25. Rc3 Re7 26. Bf5 Nf8 $6 (26... Nc5 $36 {[%csl Ga4,Gb3]} 27. Rg3 g6) 27. Qa1 Rae8 $2 (27... Re2 $1 $132) 28. Be5 (28. Qxa4 b2 29. Qa3 $1 $16) 28... Qb4 29. Rg3 Ng6 30. Bc3 b2 $13 {1-0 Vitiugov,N (2720)-Yakovich,Y (2546)/Aix-les-Bains FRA 2011/CBM 142 (49)}) 18... h6 19. Rfd1 exd4 $146 ({RR} 19... Rac8 20. Bf5 Ra8 21. c5 exd4 22. Bxd4 Ne5 23. Nc4 Nxc4 24. Qxc4 Nd5 25. e4 Ne7 26. Bb2 Rad8 27. Bg4 Bc8 28. Bxc8 Nxc8 29. Rd5 Ne7 30. Qd4 f6 31. Rd6 Nc8 32. Qc4+ Kh8 33. Rd4 Rxd4 34. Bxd4 {Ovchinnikov,V (2307)-Mukhutdinov,T (2064) Moscow 2017 ½-½ (97)}) 20. exd4 Qf4 21. Nf1 Nh5 (21... a4 22. Rxa4 (22. Bc1 Qb8 $1 23. Rxa4 $2 Bxf3 $1 24. Rxa8 (24. gxf3 $2 b3) 24... Bxa8 25. Ng3 b3 26. Qb2 Ng4 27. Rf1 Ndf6 $13) 22... Bxf3 23. Rxa8 Bxa8 24. d5 Nc5 25. Bd4 $14) (21... b3 $1 22. Qxb3 (22. Qc3 a4 $132 {[%csl Ga4,Gb3]}) 22... Bxf3 23. gxf3 Qxf3+ 24. Kg1 Ne4 25. Qc2 Ng5 26. Qg2 Nh3+ 27. Kh1 Nf2+ 28. Kg1 Nh3+ $11 (28... Qxg2+ 29. Kxg2 Nxd3 30. Rxd3 Re2+ 31. Kg3 Rxb2 32. c5 $13)) 22. Bc1 Qh4 23. Be3 Nf4 24. Bf5 Nf6 25. d5 N6xd5 $2 {[%mdl 512] An incorrect sacrifice, easily refuted by White.} (25... g6 $13 26. Rd4 $140 N6h5 27. Qd2 (27. g3 $2 Nxg3+ 28. Nxg3 Rxe3) 27... gxf5 28. Bxf4 Nxf4 29. Rxf4 Qf6 $132 {[%csl Ga5,Gb4]}) 26. cxd5 Nxd5 27. Bd4 Nf4 28. Ng3 Nh5 29. Bh7+ Kh8 30. Nf5 $1 Qf4 31. Nd6 Re7 32. Nxb7 Rxb7 33. Be4 Rc7 34. Qd2 Qxd2 35. Rxd2 Rac8 36. Rdd1 Nf6 37. Bxf6 gxf6 38. Rxa5 b3 39. Rb5 Rc1 40. Rg1 1-0

[Event "Moscow Tal Memorial 6th"]
[Site "Moscow"]
[Date "2011.11.20"]
[Round "5"]
[White "Nakamura, Hikaru"]
[Black "Aronian, Levon"]
[Result "1/2-1/2"]
[WhiteElo "2758"]
[BlackElo "2802"]
[Annotator "Krasenkow,Michal"]
[PlyCount "105"]
[EventDate "2011.11.16"]
[EventType "tourn"]
[EventRounds "9"]
[EventCountry "RUS"]
[EventCategory "22"]
[SourceTitle "CBM 146"]
[Source "ChessBase"]
[SourceDate "2012.01.18"]
[SourceVersion "1"]
[SourceVersionDate "2012.01.18"]
[SourceQuality "1"]

1. d4 {Roiz,Michael} d5 2. c4 e6 3. Nc3 Be7 4. cxd5 exd5 5. Bf4 c6 6. e3 Bf5 7. g4 Be6 8. h4 Nd7 9. Bg3 $146 {A new but hardly theoretically important move.} (9. h5 {was played in dozens of games including the previous clash between the same players:} Nh6 10. Be2 (10. f3 f5 11. Bxh6 gxh6 12. gxf5 Bxf5 13. Bd3 Bh4+ 14. Ke2 Bxd3+ 15. Qxd3 Qe7 16. f4 Rg8 17. Kd2 Rg2+ 18. Nge2 Bf2 19. Rh3 O-O-O 20. Rf1 Kb8 21. Rf3 Bh4 22. Kc1 Rdg8 23. Qf5 Ka8 24. Rh1 Bf6 25. Qd3 Nb6 $132 {1/2 Maksimenko,A (2540)-Talla,V (2452)/Legnica 2010/CBM 139 Extra (30)}) 10... Nb6 11. Nh3 g5 $1 12. hxg6 hxg6 13. Bg3 Qd7 14. Nf4 O-O-O 15. Nxe6 Qxe6 16. Rg1 Bd6 17. Qc2 Bxg3 18. Rxg3 f5 19. O-O-O Nxg4 20. Bxg4 fxg4 21. Rdg1 Rh4 22. Qe2 Rf8 23. Nd1 Rf4 $132 {1-0 Nakamura,H (2753)-Aronian,L (2807)/Sao Paulo/Bilbao BRA/ESP 2011/The Week in Chess 883 (79)}) ({RR} 9. g5 h6 10. g6 Ngf6 ({RR} 10... fxg6 11. Bd3 Bf7 12. Qc2 g5 13. hxg5 Bxg5 14. Bg3 Ne7 15. Nf3 Bf6 16. O-O-O) 11. gxf7+ Bxf7 12. Bd3 Nh5 ({RR} 12... Ne4 13. Bxe4 dxe4 14. Nge2 O-O 15. Qc2 Nf6 16. Rg1 Kh8 17. Be5) ({RR} 12... O-O 13. Qf3 Qb6 ({RR} 13... Nh5 14. Nge2 Nxf4 15. Nxf4 Bd6 16. Nce2) 14. O-O-O c5 15. Nge2 Rac8 16. Rhg1) 13. Bh2 ({RR} 13. Be5 O-O 14. Qg4 Nhf6 15. Qg3 Nh5 16. Qg4 Nhf6 17. Qg3 Nh5) 13... O-O 14. Qg4 ({RR} 14. Nf3) 14... Ndf6 15. Qg2 Be6) 9... Nb6 {The standard plan.} ({RR} 9... Ngf6 10. f3 Nb6 11. Bd3 Nc4 12. Qe2 c5 ({RR} 12... Qb6 13. O-O-O Bb4 14. Be1) 13. Bxc4 dxc4 14. d5 Nxd5 15. O-O-O) 10. f3 Bd6 ({RR} 10... h5 11. g5 Bd6 12. Bxd6 Qxd6 13. Qc2 Ne7) 11. Bxd6 Qxd6 12. Qc2 Ne7 13. Bd3 h5 {Exploiting the fact that White has not played h4-h5.} ({RR} 13... O-O-O 14. Nge2 Kb8 15. Nf4 Bd7 16. O-O-O Rhe8 17. Qh2) 14. g5 O-O-O $146 ({RR} 14... O-O 15. Nge2 Rac8 ({RR} 15... Rae8 16. Kf2 g6 17. Rad1 Qd7 18. Ng3 Nbc8 19. Nce2 Nd6 20. Nf4 Ndf5) 16. Rd1 ({RR} 16. O-O-O c5 17. dxc5 Rxc5 18. Kb1 Rfc8 19. Nd4 Nc4) 16... g6 17. Kf2 a6 18. b4 ({RR} 18. Qd2 c5 19. dxc5 Rxc5 20. Nf4 Rfc8 21. Nce2 Bf5 22. b3 Bxd3 23. Qxd3 Nd7) ({RR} 18. Nf4 Bf5 19. Nce2 c5 20. dxc5 Rxc5 21. Qd2 Bxd3 22. Nxd3 Rc7) 18... Bf5 ({RR} 18... Rfe8 19. a4 Nd7 20. Qb2) 19. Bxf5 ({RR} 19. e4 dxe4 20. Nxe4 ({RR} 20. fxe4 Bg4 21. Rdf1 Nd7 22. Qd2 Rcd8) 20... Qc7 21. N2g3 Bxe4 ({RR} 21... Be6 22. Nf6+ Kh8 23. Rhe1) 22. fxe4 Qd6 23. Ne2 f5 24. gxf6 Rxf6+ 25. Ke1 Qxb4+ 26. Qd2) 19... Nxf5 20. e4 Ng7 21. Qb3 ({RR} 21. e5 Qxb4 22. Rb1 Qa5 23. Qb3 Nc4 24. Qxb7 Nf5) 21... Nc4 22. e5 Qe6 ({RR} 22... Qd7) 23. Nf4 ({RR} 23. Na4 b6 24. Nb2 b5 25. Nd3 a5) 23... Qe7 ({RR} 23... Qf5 24. Nd3 a5 25. b5 a4 26. Qb4 Ne6 27. Ne2 c5) 24. Ne4 dxe4 25. Qxc4 Ne6 26. Ne2 exf3 27. Ng3 ({RR} 27. Kxf3 Rcd8 28. a3 a5 29. Kf2 axb4 30. axb4 Nc7) 27... a5 ({RR} 27... b5 28. Qc3 a5 29. bxa5 Ra8 30. Ne4 b4 31. Qxc6 Rxa5 32. Rd2 Qa7) 28. a3 ({RR} 28. bxa5 c5 29. d5 Nd4 30. Rhe1 Qd7 31. Rh1) 28... axb4 29. axb4 {Nakamura,H (2764)-Caruana,F (2844) Baku 2014 CBM 163 [Roiz,Michael] ½-½ (50)} ({RR} 29. Qxb4 c5 30. dxc5 Nxc5 31. Rd5 Rc6 32. Rhd1 Ra8 33. Ne4 Nxe4+ 34. Qxe4 Rxa3)) 15. Nge2 Kb8 16. Kf2 ({RR} 16. O-O-O Nc4 17. Bxc4 dxc4 18. Nf4) 16... g6 {[%cal Ye6f5]} 17. a4 a5 {Black doesn't want to allow a4-a5-a6.} (17... Bf5 18. a5 Bxd3 19. Qxd3 Nd7 20. a6) 18. Ng3 {Preventing ...e6-f5 but Black has another plan: to open up the f-file and start an attack.} Rdf8 19. Qd2 (19. Nce2 $143 f6 20. Qc5 Qxc5 21. dxc5 Nd7 22. Nf4 Nxc5 23. Bxg6 fxg5 24. hxg5 Rxf4 25. exf4 Nxg6 26. f5 h4 $1 27. fxe6 hxg3+ 28. Kxg3 Rxh1 29. Rxh1 Nxe6 $17 {[%csl Gd5]}) 19... f6 (19... Nd7 $5 20. Nce2 $1 f6 21. gxf6 Rxf6 22. Nf4 Rhf8 {[%cal Yf6f4]}) 20. gxf6 Rxf6 {[%mdl 512] This exchange sacrifice is not forced but it gives Black a strong initiative.} (20... Nf5 $5 21. Bxf5 Bxf5 $1 22. Nxf5 gxf5 23. b3 $13 ({but not} 23. Ne2 Nc4 24. Qd3 Re8)) 21. Nce4 dxe4 22. Nxe4 Rxf3+ 23. Kxf3 $44 {[%csl Rf3]} Qd5 (23... Rf8+ $5 24. Ke2 Bg4+ 25. Ke1 Qd8 {[%cal Ye7f5,Yb6d5]}) 24. Qh2+ Ka7 25. Qe5 (25. Qd6 $5 Qf5+ 26. Qf4 Bd5 $1 $44) 25... Rf8+ 26. Ke2 Qxe5 27. dxe5 Nd7 {Black recaptures a pawn and retains dangerous threats.} 28. Nd2 (28. Ng5 $5) 28... Nxe5 (28... Bg4+ $5 29. Ke1 Nxe5) 29. Be4 (29. e4 $142 Rd8 (29... Bg4+ 30. Ke3) 30. Ra3 {firmly defending.}) 29... Bg4+ 30. Ke1 Nd5 {This is the moment when Black apparently missed his chance.} (30... Nf5 $142 $1 {forcing the exchange of White's important bishop:} 31. Bxf5 (31. Ra3 Ng3) 31... Bxf5 $17 {[%cal Re5d3]}) 31. Ra3 Rd8 32. Rh2 Nb4 33. Kf1 Bd1 34. Rg2 Bg4 35. Rh2 Bf5 36. Bxf5 gxf5 37. Rg2 Ng4 38. Nc4 Re8 39. Re2 {White has managed to consolidate his position.} Nd5 40. Ke1 Re6 41. Rd3 f4 42. e4 Nde3 43. Nxe3 Nxe3 44. Rd7 Rxe4 45. Kf2 Rb4 46. Rh7 Rb3 47. Rxh5 Ng4+ 48. Kf1 f3 49. Rd2 Rb4 50. Rxa5+ Kb6 51. Rg5 Rxa4 52. Rxg4 Rxg4 53. Rh2 1/2-1/2